000 00682nam a2200229Ia 4500
008 100315s9999 xx 000 0 und d
040 _cENGLISH 
082 _b8698 
_a330 
100 _a"Rosen, George "
245 _aDemocracy and Economic Change in India
260 _aBOMBAY 
_bVora & co.  
_c1966 
300 _a323 
365 _eRupees 
_d
_b0.00 
366 _f
505 _gRamakant Amar Navghare 
530 _bDonated By RBI Library  
620 _a"Democracy, Economic Change in India. "
630 _aDemocracy and Economic Change in India
650 _aECONOMICS 
730 _aDemocracy and Economic Change in India
942 _cBOOK
999 _c483433
_d483430